000 00643 a2200253 4500
001 106671
003 OSt
005 20240405164058.0
008 240405b |||||||| |||| 00| 0 POR d
020 _a9788508144105
040 _aBR-BrIDEA
_cBR-BrIDEA
041 _apor
082 _a028.5
090 _aP Year 7 028
_bDUP
100 _aDupré, Maria José
_d1905-1984
245 1 0 _aA ilha perdida
_c Maria Jos Dupré
250 _a40.ed.
260 _aSão Paulo
_bÁtica
_c2011
490 _aVaga-Lume
697 _aFicção infanto-juvenil brasileira.
830 _aVaga-Lume
856 _u00000f/00000fb5.jpg
942 _cBK
_2udc
999 _c106671
_d106671